| 000 | 00614nam a2200193 4500 | ||
|---|---|---|---|
| 001 | 136146 | ||
| 003 | ES-MaACL | ||
| 005 | 20250814230842.0 | ||
| 007 | t| | ||
| 008 | 070214s1977 sp r ||||1| spa d | ||
| 100 | 1 |
_aRuiz Rico, Juan José. _9100907 |
|
| 245 | 1 | 3 |
_aEl papel político de la Iglesia Católica en la España de Franco _b: (1936-1971) / _cJuan José Ruiz Rico. |
| 260 |
_aMadrid : _bTecnos, _c1977. |
||
| 300 |
_a275 p. ; _c24 cm. |
||
| 490 | 1 | _aCol. de Ciencias Sociales | |
| 830 | 0 | 0 |
_aCiencias sociales _9177859 |
| 852 |
_aES-MaACL _jA-6680 _bR.95603 |
||
| 999 |
_c136146 _d136146 |
||